000 00586nam a2200193Ia 4500
005 20260114185721.0
008 008 260114s9999 xx 000 0 eng d
020 _a9781472598912
037 _aEBOOK
040 _aCRL
_beng
_cCRL
041 _aeng
_2eng
084 _qCRL
100 _aLesley Smith
_9873518
245 0 _aIntellectual Life in the Middle Ages Essays Presented to Margaret Gibson
260 _bBloomsbury
_c1992
856 _uhttps://doi.org/10.5040/9781472598912?locatt=label:secondary_bloomsburyCollections
942 _cEBOOK
999 _c1472466
_d1472466